000 00706nam a22002177a 4500
003 UA-OsUOA
001 71215
007 ta
008 20101011b un ||||| |||| 00| 0 ukr d
100 _aФранчук В.
090 _a81
_bФ84
942 _cSA
040 _aUA-OsUOA
_bukr
_cUA-OsUOA
_dUA-OsUOA
245 _aГнатюк Л.П. Мовний феномен Григорія Сковороди в контексті староукраїнської книжної традиції
300 _aС.136-140
955 _a0
041 _aukr
080 _a81
773 0 _w71212
650 7 _a8 Мовознавство. Художня література. Літературознавство
_2UDC
999 _c357535
_d357535